Statistics for dance moms dancers

Click here to take the quiz!

General Stats

  • This quiz has been taken 2,623 times
  • The average score is 5 of 6

Answer Stats

HintAnswer% Correct
Abby's favoriteMaddie
99%
Played Rosa ParksNia
88%
Broke her foot doing a back tuckPaige
83%
Danced to "Baby Mine"Chloe
77%
Had a sprained footMackenzie
71%
Her brothers' name is JoshBrooke
70%

Score Distribution

Percentile by Number Answered

Percent of People with Each Score

Your Score History

You have not taken this quiz